000 00779nam a22002657a 4500
999 _c14481
_d14481
003 AR-CdUCM
008 190423b ||||| |||| 00| 0 spa d
020 _a978-84-9145-061-0
040 _aMUNICIPALIDAD PROVINCIAL DEL CUSCO
_cBIBLIOTECA MUNICIPAL DEL CUSCO
041 _heng
082 _aPI / 803 /
_bR53
100 _aRice, Clay
_933283
245 _aEl palo /
260 _aEspaña :
_bPicarona,
_bEdiciones Obelisco,
_c2017.
300 _bilustraciones, graficos, dibujos,
_c26 cm.
500 _aCuentos para niños
650 _aCuentos
_9217
650 _aHistorias
_92725
650 _aNiños
_99390
700 _aDelgado, Joana
_933274
700 _aOlivera, Angeles
_933212
856 _fwww.picarona.net
942 _2ddc
_cLIBROS
945 _apjha
_d2019-04-23